000 00799nam a2200289 a 4500
999 _c10363
_d10363
001 10363
003 BD-JhCC
005 20221018134024.0
008 890412s20161966ii a 001 0 eng d
020 _a9788121926119
020 _a9788121926119
035 _aCURL 990198518757(Bnb)
_a(BD-JhCC)10363
040 _aBD-JhCC
_dBD-JhCC
041 _aeng
050 0 _aQC355.2
082 _a535
_219
_bOPT 2016
100 1 _aSubrahamanyam, Dr. N.
245 1 0 _a A Text Book Of Optics /
_cDr. N. Subrahamanyam, Brij Lal
260 _aNew Delhi :
_bS. Chand & Company Ltd,
_c2016.
300 _a729 p. :
_bill. ;
_c23 cm
650 0 _aOptics
700 _qLal Brij
830 0 _aOxford physics series ;
_v14
830 0 _aOxford science publications.
942 _2ddc
_cBK
_01